| 000 | 00722cam a2200217 a 4500 | ||
|---|---|---|---|
| 999 |
_c127782 _d127782 |
||
| 001 | 3329634 | ||
| 003 | ARRUPE | ||
| 005 | 20180326100803.0 | ||
| 008 | 840417t19781969po 000 1 por c | ||
| 010 | _a 84672586 | ||
| 040 |
_aMH _cMH _dDLC |
||
| 041 | 1 |
_apor _hrum |
|
| 050 | 1 | 4 |
_aPC839.E38 _bP4x 1978 |
| 100 | 1 |
_aEliade, Mircea, _d1907-1986. _940984 |
|
| 240 | 1 | 0 |
_aPe strada Mântuleasa. _lPortuguese |
| 245 | 1 | 0 |
_aRua mântuleasa / _cMircea Eliade ; versão portuguesa de Ricardo Alberty. |
| 260 |
_a[Braga?] : _bUlisseia, _c[1978], c1969. |
||
| 300 |
_a160 p. ; _c22 cm. |
||
| 490 | 0 |
_aClássicos do romance contemporáneo ; _v36 |
|
| 500 | _aTranslation of: Pe strada Mântuleasa. | ||
| 700 |
_aAlberty, Ricardo (tr.) _940985 |
||
| 906 |
_a7 _bcbc _corignew _du _encip _f19 _gy-gencatlg |
||
| 942 |
_2lcc _cMONOGRAPH |
||